000 00489cam a22001934a 4500
005 20250605163442.0
008 250528s ||||||||||||||||||||||||d
035 _a19529
020 _a9052860258
040 _aGR-AtMCL
_bgre
_dGR-AtMCL
_eAACR2
245 1 _aΣΤΟΙΧΕΙΑ ΕΜΠΟΡΙΚΟΥ ΔΙΚΑΙΟΥ
250 _a4
260 _bΈλλην,
_c1992
300 _a180
700 1 _aΜεντης Γρηγορης Σπ
942 _cBK
999 _c4785
_d4785